[Event "World Cup 2017"]
[Site "Tbilisi"]
[Date "2017.09.06"]
[Round "9.20"]
[White "Harikrishna P. (IND)"]
[Black "Sethuraman S.P. (IND)"]
[Result "1/2-1/2"]
[BlackElo "2617"]
[WhiteElo "2741"]
[LiveChessVersion "1.4.8"]

1. e4 {[%clk 1:30:57]} e5 {[%clk 1:30:31]} 2. Nf3 {[%clk 1:31:20]} Nc6
{[%clk 1:30:56]} 3. Bb5 {[%clk 1:31:44]} Nf6 {[%clk 1:31:20]} 4. O-O
{[%clk 1:31:57]} Nxe4 {[%clk 1:31:43]} 5. d4 {[%clk 1:32:21]} Nd6
{[%clk 1:32:07]} 6. Bxc6 {[%clk 1:32:44]} dxc6 {[%clk 1:32:34]} 7. dxe5
{[%clk 1:33:00]} Nf5 {[%clk 1:33:00]} 8. Qxd8+ {[%clk 1:33:20]} Kxd8
{[%clk 1:33:27]} 9. h3 {[%clk 1:33:36]} h5 {[%clk 1:33:04]} 10. Nc3
{[%clk 1:33:05]} Ke8 {[%clk 1:33:18]} 11. Ne2 {[%clk 1:31:50]} b6
{[%clk 1:33:13]} 12. Rd1 {[%clk 1:29:17]} Ba6 {[%clk 1:33:08]} 13. Ned4
{[%clk 1:17:43]} Nxd4 {[%clk 1:31:52]} 14. Nxd4 {[%clk 1:17:57]} c5
{[%clk 1:29:33]} 15. Nf5 {[%clk 1:18:09]} Be2 {[%clk 1:23:04]} 16. Re1
{[%clk 1:01:56]} Bc4 {[%clk 1:22:51]} 17. Bg5 {[%clk 1:00:24]} Be6
{[%clk 1:20:03]} 18. Ne3 {[%clk 0:59:42]} Be7 {[%clk 1:14:28]} 19. Bxe7
{[%clk 0:58:03]} Kxe7 {[%clk 1:14:53]} 20. f4 {[%clk 0:54:47]} g6
{[%clk 1:12:09]} 21. Re2 {[%clk 0:48:52]} Rad8 {[%clk 1:09:55]} 22. Rf1
{[%clk 0:47:36]} h4 {[%clk 0:59:45]} 23. f5 {[%clk 0:45:47]} gxf5
{[%clk 0:59:52]} 24. Nxf5+ {[%clk 0:46:10]} Bxf5 {[%clk 1:00:13]} 1/2-1/2

[Event "World Cup 2017"]
[Site "Tbilisi"]
[Date "2017.09.06"]
[Round "9.22"]
[White "Le Quang Liem (VIE)"]
[Black "Vidit Santosh Gujrathi (IND)"]
[Result "0-1"]
[BlackElo "2702"]
[WhiteElo "2739"]
[LiveChessVersion "1.4.8"]

1. Nf3 {[%clk 1:30:56]} d5 {[%clk 1:29:16]} 2. d4 {[%clk 1:31:16]} Nf6
{[%clk 1:29:36]} 3. c4 {[%clk 1:31:37]} e6 {[%clk 1:29:49]} 4. Nc3
{[%clk 1:31:53]} Bb4 {[%clk 1:30:08]} 5. cxd5 {[%clk 1:32:00]} exd5
{[%clk 1:30:29]} 6. Bg5 {[%clk 1:32:22]} h6 {[%clk 1:29:33]} 7. Bh4
{[%clk 1:32:42]} O-O {[%clk 1:28:52]} 8. e3 {[%clk 1:33:01]} Bf5 {[%clk 1:29:03]}
9. Qb3 {[%clk 1:32:50]} Bxc3+ {[%clk 1:29:20]} 10. Qxc3 {[%clk 1:33:07]} Nbd7
{[%clk 1:28:51]} 11. Be2 {[%clk 1:33:25]} c6 {[%clk 1:21:28]} 12. Nd2
{[%clk 1:30:27]} Ne4 {[%clk 1:21:24]} 13. Bxd8 {[%clk 1:22:00]} Nxc3
{[%clk 1:21:36]} 14. bxc3 {[%clk 1:22:21]} Rfxd8 {[%clk 1:21:30]} 15. f3
{[%clk 1:20:22]} c5 {[%clk 1:19:18]} 16. Kf2 {[%clk 1:19:49]} Rac8
{[%clk 1:19:34]} 17. Rhc1 {[%clk 1:15:08]} Rc7 {[%clk 1:12:44]} 18. e4
{[%clk 1:08:33]} dxe4 {[%clk 1:11:27]} 19. fxe4 {[%clk 1:08:56]} Bg6
{[%clk 1:11:51]} 20. Bf3 {[%clk 1:08:00]} Ne5 {[%clk 0:45:07]} 21. Ke3
{[%clk 1:07:26]} Nc6 {[%clk 0:41:56]} 22. Nb3 {[%clk 0:53:56]} cxd4+
{[%clk 0:35:55]} 23. cxd4 {[%clk 0:54:19]} Re7 {[%clk 0:36:08]} 24. g4
{[%clk 0:49:05]} f6 {[%clk 0:33:39]} 25. Re1 {[%clk 0:38:58]} Bf7
{[%clk 0:26:33]} 26. Rad1 {[%clk 0:34:49]} Nb4 {[%clk 0:21:39]} 27. Rd2
{[%clk 0:35:01]} Rc7 {[%clk 0:20:33]} 28. Kf2 {[%clk 0:31:57]} Nxa2
{[%clk 0:18:16]} 29. d5 {[%clk 0:30:22]} Nc3 {[%clk 0:15:53]} 30. Nd4
{[%clk 0:27:57]} Rc4 {[%clk 0:14:12]} 31. Re3 {[%clk 0:22:05]} Be8
{[%clk 0:09:49]} 32. Bg2 {[%clk 0:11:55]} Nb5 {[%clk 0:08:08]} 33. Nxb5
{[%clk 0:11:06]} Bxb5 {[%clk 0:08:37]} 34. Bf1 {[%clk 0:09:10]} Rc5
{[%clk 0:08:49]} 35. Bxb5 {[%clk 0:09:32]} Rxb5 {[%clk 0:09:18]} 36. Rc3
{[%clk 0:09:50]} Rd7 {[%clk 0:08:11]} 37. Ke3 {[%clk 0:09:49]} Kf7
{[%clk 0:08:15]} 38. Rdc2 {[%clk 0:09:22]} a5 {[%clk 0:07:26]} 39. Rc7
{[%clk 0:08:14]} Ke7 {[%clk 0:07:21]} 40. Rc8 {[%clk 0:38:34]} a4
{[%clk 0:35:54]} 41. Ra8 {[%clk 0:28:01]} Rb4 {[%clk 0:26:01]} 42. Kd3
{[%clk 0:28:19]} Rd8 {[%clk 0:19:53]} 43. Ra7 {[%clk 0:25:12]} Kd6
{[%clk 0:18:56]} 44. Rc4 {[%clk 0:23:45]} Rxc4 {[%clk 0:12:20]} 45. Kxc4
{[%clk 0:24:14]} Ke5 {[%clk 0:12:12]} 46. Rxb7 {[%clk 0:18:07]} Ra8
{[%clk 0:11:44]} 47. Rb2 {[%clk 0:18:16]} a3 {[%clk 0:07:16]} 48. Ra2
{[%clk 0:18:39]} Kxe4 {[%clk 0:07:34]} 49. d6 {[%clk 0:13:55]} Ke5
{[%clk 0:07:26]} 50. Kc5 {[%clk 0:12:08]} Rc8+ {[%clk 0:07:33]} 51. Kb4
{[%clk 0:12:12]} Kxd6 {[%clk 0:06:20]} 52. Rxa3 {[%clk 0:12:35]} Rc7
{[%clk 0:04:52]} 53. Re3 {[%clk 0:10:04]} Kd5 {[%clk 0:05:07]} 54. h3
{[%clk 0:08:47]} g6 {[%clk 0:04:22]} 55. Re8 {[%clk 0:08:13]} f5 {[%clk 0:04:12]}
56. Rg8 {[%clk 0:06:36]} Rc6 {[%clk 0:04:02]} 57. Kb5 {[%clk 0:06:07]} Rf6
{[%clk 0:04:09]} 58. gxf5 {[%clk 0:05:54]} gxf5 {[%clk 0:04:37]} 59. Rd8+
{[%clk 0:06:12]} Ke4 {[%clk 0:04:44]} 60. Re8+ {[%clk 0:06:14]} Kf3
{[%clk 0:04:19]} 61. Kc4 {[%clk 0:06:31]} Rd6 {[%clk 0:03:30]} 62. Kc5
{[%clk 0:06:42]} Rd1 {[%clk 0:03:15]} 63. Rh8 {[%clk 0:06:57]} f4
{[%clk 0:03:40]} 64. Rxh6 {[%clk 0:07:21]} Kg3 {[%clk 0:04:05]} 65. Rg6+
{[%clk 0:06:55]} Kxh3 {[%clk 0:04:29]} 66. Rf6 {[%clk 0:07:16]} Kg3
{[%clk 0:04:57]} 67. Rg6+ {[%clk 0:07:38]} Kf2 {[%clk 0:05:13]} 68. Kc4
{[%clk 0:08:02]} f3 {[%clk 0:05:27]} 69. Kc3 {[%clk 0:08:23]} Kf1
{[%clk 0:05:38]} 70. Kc2 {[%clk 0:08:43]} Rd5 {[%clk 0:06:02]} 0-1

[Event "World Cup 2017"]
[Site "Tbilisi"]
[Date "2017.09.06"]
[Round "9.23"]
[White "Rodshtein Maxim (ISR)"]
[Black "Adams Michael (ENG)"]
[Result "1/2-1/2"]
[BlackElo "2738"]
[WhiteElo "2695"]
[LiveChessVersion "1.4.8"]

1. d4 {[%clk 1:30:56]} Nf6 {[%clk 1:30:53]} 2. c4 {[%clk 1:31:21]} e6
{[%clk 1:31:19]} 3. Nc3 {[%clk 1:31:44]} Bb4 {[%clk 1:31:33]} 4. Nf3
{[%clk 1:32:03]} c5 {[%clk 1:31:18]} 5. g3 {[%clk 1:32:01]} cxd4 {[%clk 1:31:18]}
6. Nxd4 {[%clk 1:32:24]} O-O {[%clk 1:31:32]} 7. Bg2 {[%clk 1:32:26]} d5
{[%clk 1:31:31]} 8. cxd5 {[%clk 1:32:02]} Nxd5 {[%clk 1:30:26]} 9. Qb3
{[%clk 1:31:15]} Qa5 {[%clk 1:27:26]} 10. Bd2 {[%clk 1:27:41]} Nc6
{[%clk 1:27:01]} 11. Nxc6 {[%clk 1:22:08]} bxc6 {[%clk 1:27:23]} 12. O-O
{[%clk 1:22:30]} Bxc3 {[%clk 1:27:12]} 13. bxc3 {[%clk 1:22:52]} Ba6
{[%clk 1:26:57]} 14. Rfd1 {[%clk 1:22:10]} Qc5 {[%clk 1:22:17]} 15. e4
{[%clk 1:21:19]} Bc4 {[%clk 1:20:37]} 16. Qa4 {[%clk 1:16:14]} Nb6
{[%clk 1:20:18]} 17. Qb4 {[%clk 1:16:22]} Qh5 {[%clk 1:19:46]} 18. Re1
{[%clk 0:58:05]} c5 {[%clk 1:02:09]} 19. Qa5 {[%clk 0:57:51]} Rfc8
{[%clk 0:57:34]} 20. Bf4 {[%clk 0:32:39]} e5 {[%clk 0:47:59]} 21. Be3
{[%clk 0:33:04]} Be6 {[%clk 0:47:23]} 22. Rab1 {[%clk 0:29:27]} h6
{[%clk 0:42:53]} 23. Bf1 {[%clk 0:27:03]} Bh3 {[%clk 0:26:51]} 24. Be2
{[%clk 0:26:18]} Bg4 {[%clk 0:26:38]} 25. Ba6 {[%clk 0:19:35]} Bh3
{[%clk 0:22:32]} 26. Be2 {[%clk 0:19:51]} Bg4 {[%clk 0:22:57]} 27. Bf1
{[%clk 0:18:02]} Bh3 {[%clk 0:22:31]} 28. Be2 {[%clk 0:16:00]} 1/2-1/2

[Event "World Cup 2017"]
[Site "Tbilisi"]
[Date "2017.09.06"]
[Round "9.24"]
[White "Navara David (CZE)"]
[Black "Cheparinov Ivan (BUL)"]
[Result "1-0"]
[BlackElo "2695"]
[WhiteElo "2720"]
[LiveChessVersion "1.4.8"]

1. c4 {[%clk 1:30:58]} e6 {[%clk 1:30:54]} 2. Nc3 {[%clk 1:31:21]} Nf6
{[%clk 1:31:20]} 3. e4 {[%clk 1:31:44]} d5 {[%clk 1:31:45]} 4. e5
{[%clk 1:31:50]} d4 {[%clk 1:32:10]} 5. exf6 {[%clk 1:32:12]} dxc3
{[%clk 1:32:35]} 6. bxc3 {[%clk 1:32:36]} Qxf6 {[%clk 1:33:01]} 7. Nf3
{[%clk 1:32:24]} e5 {[%clk 1:32:49]} 8. d4 {[%clk 1:32:40]} Nc6 {[%clk 1:32:06]}
9. Bg5 {[%clk 1:29:09]} Qg6 {[%clk 1:31:45]} 10. d5 {[%clk 1:29:09]} Nb8
{[%clk 1:31:08]} 11. h4 {[%clk 1:29:25]} h6 {[%clk 1:30:51]} 12. h5
{[%clk 1:26:39]} Qd6 {[%clk 1:30:16]} 13. Be3 {[%clk 1:26:24]} Nd7
{[%clk 1:26:29]} 14. Qa4 {[%clk 1:24:41]} Qa3 {[%clk 1:14:49]} 15. Qb3
{[%clk 1:22:28]} a5 {[%clk 1:09:36]} 16. Qc2 {[%clk 1:12:44]} Qd6
{[%clk 1:07:22]} 17. Bd3 {[%clk 1:03:29]} Be7 {[%clk 0:57:36]} 18. Rd1
{[%clk 0:59:41]} a4 {[%clk 0:52:23]} 19. O-O {[%clk 0:56:56]} O-O
{[%clk 0:51:00]} 20. Rfe1 {[%clk 0:51:44]} b6 {[%clk 0:46:19]} 21. Bh7+
{[%clk 0:41:54]} Kh8 {[%clk 0:46:42]} 22. Bf5 {[%clk 0:42:20]} Qf6
{[%clk 0:46:03]} 23. g4 {[%clk 0:40:05]} Qd6 {[%clk 0:25:53]} 24. Bc1
{[%clk 0:37:06]} a3 {[%clk 0:22:07]} 25. Bxd7 {[%clk 0:35:32]} Bxd7
{[%clk 0:22:00]} 26. Nxe5 {[%clk 0:35:52]} Ba4 {[%clk 0:13:56]} 27. Qf5
{[%clk 0:33:02]} Bxd1 {[%clk 0:13:52]} 28. Nxf7+ {[%clk 0:32:48]} Rxf7
{[%clk 0:14:18]} 29. Qxf7 {[%clk 0:33:09]} Bh4 {[%clk 0:14:15]} 30. g5
{[%clk 0:29:33]} Ba4 {[%clk 0:10:31]} 31. Re7 {[%clk 0:28:33]} Bxf2+
{[%clk 0:06:57]} 32. Kh1 {[%clk 0:28:07]} 1-0

[Event "World Cup 2017"]
[Site "Tbilisi"]
[Date "2017.09.06"]
[Round "9.25"]
[White "Fedoseev Vladimir (RUS)"]
[Black "Inarkiev Ernesto (RUS)"]
[Result "1-0"]
[BlackElo "2694"]
[WhiteElo "2731"]
[LiveChessVersion "1.4.8"]

1. e4 {[%clk 1:30:56]} c5 {[%clk 1:30:55]} 2. Nf3 {[%clk 1:31:15]} Nc6
{[%clk 1:31:22]} 3. Nc3 {[%clk 1:31:34]} g6 {[%clk 1:31:48]} 4. d4
{[%clk 1:30:44]} cxd4 {[%clk 1:32:15]} 5. Nxd4 {[%clk 1:31:07]} Bg7
{[%clk 1:32:42]} 6. Be3 {[%clk 1:31:23]} Nf6 {[%clk 1:32:58]} 7. Be2
{[%clk 1:29:34]} O-O {[%clk 1:32:47]} 8. Nb3 {[%clk 1:25:26]} d6 {[%clk 1:26:03]}
9. g4 {[%clk 1:22:14]} a6 {[%clk 1:13:28]} 10. h4 {[%clk 1:13:18]} b5
{[%clk 1:13:18]} 11. h5 {[%clk 1:11:10]} b4 {[%clk 0:57:26]} 12. Nd5
{[%clk 1:10:41]} e6 {[%clk 0:57:50]} 13. Nb6 {[%clk 1:04:38]} Rb8
{[%clk 0:57:48]} 14. Nxc8 {[%clk 1:04:59]} Qxc8 {[%clk 0:57:49]} 15. Qxd6
{[%clk 1:02:41]} e5 {[%clk 0:37:09]} 16. O-O-O {[%clk 0:52:51]} a5
{[%clk 0:34:02]} 17. hxg6 {[%clk 0:43:28]} hxg6 {[%clk 0:33:42]} 18. g5
{[%clk 0:43:22]} Rd8 {[%clk 0:24:34]} 19. Qc5 {[%clk 0:37:12]} Nd7
{[%clk 0:23:02]} 20. Qd5 {[%clk 0:33:03]} Nb6 {[%clk 0:20:17]} 21. Qb5
{[%clk 0:33:22]} Nd5 {[%clk 0:08:26]} 22. Qa4 {[%clk 0:33:29]} Nxe3
{[%clk 0:05:13]} 23. fxe3 {[%clk 0:33:52]} Qc7 {[%clk 0:05:19]} 24. Bc4
{[%clk 0:32:42]} Nd4 {[%clk 0:02:57]} 25. Nxa5 {[%clk 0:31:06]} Ra8
{[%clk 0:02:53]} 26. exd4 {[%clk 0:31:28]} Qxc4 {[%clk 0:03:14]} 27. Nxc4
{[%clk 0:31:43]} Rxa4 {[%clk 0:03:40]} 28. dxe5 {[%clk 0:32:02]} Re8
{[%clk 0:02:39]} 29. Kb1 {[%clk 0:27:16]} Bxe5 {[%clk 0:02:40]} 30. Nb6
{[%clk 0:26:35]} Ra7 {[%clk 0:02:01]} 31. Nd5 {[%clk 0:26:24]} Kg7
{[%clk 0:02:05]} 32. Rh3 {[%clk 0:26:27]} Ra4 {[%clk 0:02:17]} 33. Rdh1
{[%clk 0:26:39]} Rd8 {[%clk 0:01:13]} 34. Rh7+ {[%clk 0:26:52]} Kg8
{[%clk 0:01:20]} 35. Ne7+ {[%clk 0:27:18]} Kf8 {[%clk 0:01:42]} 36. Nc6
{[%clk 0:27:37]} Re8 {[%clk 0:00:47]} 37. Rh8+ {[%clk 0:27:59]} 1-0

[Event "World Cup 2017"]
[Site "Tbilisi"]
[Date "2017.09.06"]
[Round "9.27"]
[White "Matlakov Maxim (RUS)"]
[Black "Andreikin Dmitry (RUS)"]
[Result "1/2-1/2"]
[BlackElo "2708"]
[WhiteElo "2728"]
[LiveChessVersion "1.4.8"]

1. d4 {[%clk 1:30:54]} Nf6 {[%clk 1:30:45]} 2. c4 {[%clk 1:31:13]} e6
{[%clk 1:31:09]} 3. Nf3 {[%clk 1:31:31]} a6 {[%clk 1:31:17]} 4. Nc3
{[%clk 1:31:05]} d5 {[%clk 1:30:39]} 5. cxd5 {[%clk 1:31:16]} exd5
{[%clk 1:31:02]} 6. Bg5 {[%clk 1:29:10]} Be6 {[%clk 1:31:12]} 7. e3
{[%clk 1:29:15]} Nbd7 {[%clk 1:31:22]} 8. Bd3 {[%clk 1:28:54]} Bd6
{[%clk 1:31:25]} 9. O-O {[%clk 1:28:14]} c6 {[%clk 1:31:48]} 10. Bf4
{[%clk 1:26:09]} Qc7 {[%clk 1:31:40]} 11. Bxd6 {[%clk 1:24:50]} Qxd6
{[%clk 1:31:09]} 12. h3 {[%clk 1:25:09]} O-O {[%clk 1:30:31]} 13. Qc2
{[%clk 1:24:32]} a5 {[%clk 1:23:40]} 14. Nd2 {[%clk 1:08:47]} Rfe8
{[%clk 1:23:33]} 15. Rae1 {[%clk 1:07:28]} Nb6 {[%clk 1:13:01]} 16. f4
{[%clk 0:59:40]} Bd7 {[%clk 1:12:33]} 17. g4 {[%clk 0:54:54]} c5 {[%clk 0:57:43]}
18. dxc5 {[%clk 0:50:21]} Qxc5 {[%clk 0:57:47]} 19. Nb3 {[%clk 0:50:46]} Qe7
{[%clk 0:55:20]} 20. g5 {[%clk 0:39:06]} Ne4 {[%clk 0:55:15]} 21. Bxe4
{[%clk 0:36:59]} dxe4 {[%clk 0:55:37]} 22. Qg2 {[%clk 0:37:10]} a4
{[%clk 0:54:02]} 23. Nd4 {[%clk 0:34:03]} 1/2-1/2

[Event "World Cup 2017"]
[Site "Tbilisi"]
[Date "2017.09.06"]
[Round "9.29"]
[White "Vitiugov Nikita (RUS)"]
[Black "Najer Evgeniy (RUS)"]
[Result "1/2-1/2"]
[BlackElo "2694"]
[WhiteElo "2728"]
[LiveChessVersion "1.4.8"]

1. d4 {[%clk 1:30:40]} Nf6 {[%clk 1:30:54]} 2. c4 {[%clk 1:31:00]} g6
{[%clk 1:31:19]} 3. Nc3 {[%clk 1:30:45]} Bg7 {[%clk 1:31:38]} 4. e4
{[%clk 1:29:35]} d6 {[%clk 1:31:58]} 5. f3 {[%clk 1:25:39]} O-O {[%clk 1:32:03]}
6. Nge2 {[%clk 1:25:54]} a6 {[%clk 1:32:25]} 7. Bg5 {[%clk 1:22:56]} b5
{[%clk 1:31:29]} 8. Qd2 {[%clk 1:19:28]} Nbd7 {[%clk 1:30:07]} 9. Ng3
{[%clk 1:15:09]} c5 {[%clk 1:23:35]} 10. d5 {[%clk 1:12:11]} Qa5 {[%clk 1:15:30]}
11. cxb5 {[%clk 0:58:58]} axb5 {[%clk 1:13:42]} 12. Nxb5 {[%clk 0:55:27]} Qxd2+
{[%clk 1:06:09]} 13. Bxd2 {[%clk 0:52:03]} Ba6 {[%clk 1:04:53]} 14. a4
{[%clk 0:47:46]} Rfb8 {[%clk 1:01:10]} 15. Rb1 {[%clk 0:44:46]} Ne8
{[%clk 0:49:44]} 16. b3 {[%clk 0:43:44]} Rb7 {[%clk 0:41:19]} 17. Kd1
{[%clk 0:41:14]} h5 {[%clk 0:24:11]} 18. Na3 {[%clk 0:29:39]} h4 {[%clk 0:16:48]}
19. Bxa6 {[%clk 0:28:36]} Rxa6 {[%clk 0:17:17]} 20. Ne2 {[%clk 0:26:15]} Ne5
{[%clk 0:16:08]} 21. Rf1 {[%clk 0:23:31]} c4 {[%clk 0:15:57]} 22. bxc4
{[%clk 0:12:04]} Rxb1+ {[%clk 0:16:01]} 23. Nxb1 {[%clk 0:12:32]} Rxa4
{[%clk 0:14:06]} 24. Kc2 {[%clk 0:11:43]} Rxc4+ {[%clk 0:11:55]} 25. Nbc3
{[%clk 0:11:21]} f5 {[%clk 0:11:49]} 26. Bf4 {[%clk 0:08:58]} Nd7
{[%clk 0:09:36]} 27. Kd3 {[%clk 0:08:28]} Rb4 {[%clk 0:09:41]} 28. Be3
{[%clk 0:06:52]} Ne5+ {[%clk 0:09:06]} 29. Kc2 {[%clk 0:07:19]} Nc4
{[%clk 0:06:21]} 30. Bc1 {[%clk 0:07:08]} Kf7 {[%clk 0:03:56]} 31. Nf4
{[%clk 0:06:42]} Nc7 {[%clk 0:02:02]} 32. g4 {[%clk 0:05:48]} hxg3
{[%clk 0:02:04]} 33. hxg3 {[%clk 0:06:16]} Ne5 {[%clk 0:02:23]} 34. Bd2
{[%clk 0:05:18]} Nc4 {[%clk 0:02:18]} 35. Bc1 {[%clk 0:05:29]} Ne5
{[%clk 0:02:43]} 36. Bd2 {[%clk 0:05:55]} Rc4 {[%clk 0:02:19]} 37. Kb3
{[%clk 0:02:08]} Na6 {[%clk 0:02:41]} 38. Ne6 {[%clk 0:02:21]} Bf6
{[%clk 0:01:40]} 39. Bg5 {[%clk 0:00:41]} Nc5+ {[%clk 0:00:39]} 40. Nxc5
{[%clk 0:30:57]} Rxc5 {[%clk 0:30:45]} 41. Bxf6 {[%clk 0:23:39]} Kxf6
{[%clk 0:30:45]} 42. f4 {[%clk 0:21:47]} Ng4 {[%clk 0:21:56]} 43. Ra1
{[%clk 0:16:28]} Kf7 {[%clk 0:17:22]} 44. Ra4 {[%clk 0:14:30]} Nf6
{[%clk 0:16:08]} 45. exf5 {[%clk 0:08:14]} gxf5 {[%clk 0:16:35]} 46. Rc4
{[%clk 0:08:18]} Ra5 {[%clk 0:16:50]} 47. Ra4 {[%clk 0:08:22]} Rxa4
{[%clk 0:13:20]} 48. Kxa4 {[%clk 0:08:51]} Kg6 {[%clk 0:13:43]} 49. Kb5
{[%clk 0:09:03]} Kh5 {[%clk 0:14:04]} 50. Kc6 {[%clk 0:08:51]} Kg4
{[%clk 0:10:22]} 51. Ne2 {[%clk 0:09:03]} Kf3 {[%clk 0:10:27]} 52. Nd4+
{[%clk 0:09:29]} Ke4 {[%clk 0:10:46]} 53. Ne6 {[%clk 0:07:54]} Nxd5
{[%clk 0:06:54]} 54. Kd7 {[%clk 0:08:10]} Kf3 {[%clk 0:05:11]} 55. Nd4+
{[%clk 0:08:00]} Ke4 {[%clk 0:04:41]} 56. Ne6 {[%clk 0:07:30]} Kd3
{[%clk 0:01:07]} 57. Ng5 {[%clk 0:01:26]} Kc3 {[%clk 0:00:56]} 58. Ke6
{[%clk 0:00:38]} Ne3 {[%clk 0:01:22]} 59. Kxe7 {[%clk 0:00:41]} d5
{[%clk 0:01:50]} 60. Ke6 {[%clk 0:01:07]} d4 {[%clk 0:02:10]} 61. g4
{[%clk 0:01:25]} fxg4 {[%clk 0:01:00]} 62. f5 {[%clk 0:01:35]} Nxf5
{[%clk 0:00:40]} 63. Kxf5 {[%clk 0:01:40]} d3 {[%clk 0:00:51]} 64. Kxg4
{[%clk 0:02:06]} d2 {[%clk 0:01:07]} 65. Ne4+ {[%clk 0:02:32]} Kc2
{[%clk 0:01:34]} 66. Nxd2 {[%clk 0:02:59]} Kxd2 1/2-1/2

[Event "World Cup 2017"]
[Site "Tbilisi"]
[Date "2017.09.06"]
[Round "9.30"]
[White "Tomashevsky Evgeny (RUS)"]
[Black "Vallejo Pons Francisco (ESP)"]
[Result "1/2-1/2"]
[BlackElo "2717"]
[WhiteElo "2710"]
[LiveChessVersion "1.4.8"]

1. Nf3 {[%clk 1:30:56]} d5 {[%clk 1:29:22]} 2. g3 {[%clk 1:31:17]} Bf5
{[%clk 1:25:47]} 3. Bg2 {[%clk 1:30:54]} e6 {[%clk 1:25:51]} 4. O-O
{[%clk 1:25:49]} Nf6 {[%clk 1:25:48]} 5. c4 {[%clk 1:22:52]} c6 {[%clk 1:23:36]}
6. Qb3 {[%clk 1:22:59]} Qb6 {[%clk 1:21:41]} 7. d3 {[%clk 1:23:21]} Nbd7
{[%clk 1:20:18]} 8. cxd5 {[%clk 1:20:28]} exd5 {[%clk 1:17:14]} 9. Qc2
{[%clk 1:19:16]} Qc5 {[%clk 1:12:10]} 10. Qd1 {[%clk 1:19:29]} Be7
{[%clk 1:04:59]} 11. Nc3 {[%clk 1:15:53]} Rd8 {[%clk 1:03:12]} 12. Be3
{[%clk 1:02:20]} Qa5 {[%clk 1:01:08]} 13. a3 {[%clk 1:02:40]} a6 {[%clk 0:43:32]}
14. b4 {[%clk 0:46:57]} Qc7 {[%clk 0:43:45]} 15. Bf4 {[%clk 0:45:37]} Bd6
{[%clk 0:38:21]} 16. Bxd6 {[%clk 0:44:14]} Qxd6 {[%clk 0:38:46]} 17. e4
{[%clk 0:44:39]} Bg4 {[%clk 0:32:56]} 18. exd5 {[%clk 0:42:58]} Nxd5
{[%clk 0:28:59]} 19. Re1+ {[%clk 0:36:46]} Ne7 {[%clk 0:26:20]} 20. Qe2
{[%clk 0:34:13]} Nf6 {[%clk 0:25:29]} 21. Qe3 {[%clk 0:28:13]} Qc7
{[%clk 0:17:54]} 22. Ng5 {[%clk 0:21:30]} h6 {[%clk 0:15:46]} 23. Nge4
{[%clk 0:19:10]} Nd7 {[%clk 0:12:15]} 24. d4 {[%clk 0:14:34]} O-O
{[%clk 0:10:17]} 25. Nc5 {[%clk 0:15:00]} Nxc5 {[%clk 0:04:55]} 26. Qxe7
{[%clk 0:12:39]} Qxe7 {[%clk 0:04:05]} 27. Rxe7 {[%clk 0:13:07]} Nb3
{[%clk 0:04:27]} 28. Rae1 {[%clk 0:13:04]} Nxd4 {[%clk 0:03:02]} 29. Rxb7
{[%clk 0:12:33]} Rfe8 {[%clk 0:02:29]} 30. Rbe7 {[%clk 0:11:42]} Rxe7
{[%clk 0:02:43]} 31. Rxe7 {[%clk 0:12:11]} Nb5 {[%clk 0:01:58]} 32. h3
{[%clk 0:12:09]} Be6 {[%clk 0:01:14]} 33. Nxb5 {[%clk 0:11:20]} cxb5
{[%clk 0:01:21]} 34. Ra7 {[%clk 0:11:43]} Rd1+ {[%clk 0:01:24]} 35. Kh2
{[%clk 0:12:08]} Rd2 {[%clk 0:00:47]} 36. Kg1 {[%clk 0:11:57]} Rd1+
{[%clk 0:01:16]} 37. Kh2 {[%clk 0:12:22]} Rd2 {[%clk 0:01:44]} 1/2-1/2

[Event "World Cup 2017"]
[Site "Tbilisi"]
[Date "2017.09.06"]
[Round "9.31"]
[White "Bacrot Etienne (FRA)"]
[Black "Bu Xiangzhi (CHN)"]
[Result "1/2-1/2"]
[BlackElo "2714"]
[WhiteElo "2728"]
[LiveChessVersion "1.4.8"]

1. e4 {[%clk 1:30:57]} e5 {[%clk 1:30:43]} 2. Nf3 {[%clk 1:31:21]} Nf6
{[%clk 1:31:01]} 3. Nxe5 {[%clk 1:31:35]} d6 {[%clk 1:31:27]} 4. Nf3
{[%clk 1:31:59]} Nxe4 {[%clk 1:31:54]} 5. d4 {[%clk 1:31:58]} d5 {[%clk 1:32:18]}
6. Bd3 {[%clk 1:32:22]} Be7 {[%clk 1:32:16]} 7. O-O {[%clk 1:32:29]} Nc6
{[%clk 1:31:10]} 8. Nbd2 {[%clk 1:32:13]} Nxd2 {[%clk 1:22:47]} 9. Bxd2
{[%clk 1:31:28]} Bg4 {[%clk 1:23:04]} 10. c3 {[%clk 1:30:22]} O-O
{[%clk 1:20:30]} 11. h3 {[%clk 1:28:11]} Bh5 {[%clk 1:18:26]} 12. g3
{[%clk 1:26:49]} Qd7 {[%clk 1:15:07]} 13. Kg2 {[%clk 1:26:32]} Rfe8
{[%clk 1:10:33]} 14. Qc2 {[%clk 1:08:34]} Bg6 {[%clk 1:08:25]} 15. Bxg6
{[%clk 1:07:53]} hxg6 {[%clk 1:07:49]} 16. Rfe1 {[%clk 1:04:47]} b6
{[%clk 1:00:27]} 17. Bf4 {[%clk 0:56:35]} Bd6 {[%clk 0:58:38]} 18. Bxd6
{[%clk 0:53:31]} Qxd6 {[%clk 0:58:34]} 19. Re2 {[%clk 0:53:06]} Re7
{[%clk 0:37:27]} 20. Rxe7 {[%clk 0:51:55]} Nxe7 {[%clk 0:37:53]} 21. Re1
{[%clk 0:51:44]} f6 {[%clk 0:38:01]} 22. h4 {[%clk 0:49:53]} Qd7 {[%clk 0:35:49]}
23. Ng1 {[%clk 0:41:56]} 1/2-1/2

[Event "World Cup 2017"]
[Site "Tbilisi"]
[Date "2017.09.06"]
[Round "9.32"]
[White "Tari Aryan (NOR)"]
[Black "Lenderman Aleksandr (USA)"]
[Result "1/2-1/2"]
[BlackElo "2565"]
[WhiteElo "2588"]
[LiveChessVersion "1.4.8"]

1. e4 {[%clk 1:30:57]} c5 {[%clk 1:30:54]} 2. Nf3 {[%clk 1:31:01]} e6
{[%clk 1:31:18]} 3. d4 {[%clk 1:30:43]} cxd4 {[%clk 1:31:43]} 4. Nxd4
{[%clk 1:31:09]} Nc6 {[%clk 1:32:07]} 5. Nc3 {[%clk 1:30:58]} Qc7
{[%clk 1:32:28]} 6. Be3 {[%clk 1:29:32]} a6 {[%clk 1:32:42]} 7. Qf3
{[%clk 1:29:23]} Bd6 {[%clk 1:32:47]} 8. O-O-O {[%clk 1:28:11]} Be5
{[%clk 1:33:12]} 9. g3 {[%clk 1:27:03]} b5 {[%clk 1:33:21]} 10. Qe2
{[%clk 1:24:07]} Bb7 {[%clk 1:32:25]} 11. f4 {[%clk 1:23:04]} Bxd4
{[%clk 1:32:38]} 12. Bxd4 {[%clk 1:23:26]} Nxd4 {[%clk 1:33:04]} 13. Rxd4
{[%clk 1:23:49]} Qc5 {[%clk 1:33:20]} 14. Qd2 {[%clk 1:16:11]} Bc6
{[%clk 1:33:38]} 15. Bg2 {[%clk 1:13:40]} b4 {[%clk 1:31:02]} 16. Ne2
{[%clk 0:38:41]} a5 {[%clk 1:29:28]} 17. Rd1 {[%clk 0:31:26]} Nf6
{[%clk 1:28:07]} 18. Kb1 {[%clk 0:24:00]} 1/2-1/2